000
00217nam a2200097 i 4500
020
_a
9788119474745
110
_a
Team VOCO
245
_a
Wood Polisher
260
_a
India
_b
The Vocational Company
_c
2018
082
_a
720 TEA
999
_c
18874
_d
18874